000 00621nam a2200205 i 4500
001 41056
003 ES-MaACL
005 20230906160350.0
007 t|
008 030307s1958 sp ||||1| spa d
100 1 _aCarpenter, René.
_935439
245 1 0 _aTestigos de la ciudad de Dios /
_cRené Carpentier ; traducción de Cristobal Barrias.
260 _a[Bilbao] :
_bDesclée de Brouwer,
_c1958 (
_ePamplona :
_fGómez)
300 _a228 p. ;
_c19 cm.
490 1 _aSpiritus
700 1 _aBarrias, Cristobal.
_925968
830 0 _aSpiritus
_9181888
852 _aES-MaACL
_jC-14797
_bR.42500
999 _c41056
_d41056